000 00464nam a2200157Ia 4500
008 220216s9999 xx 000 0 und d
100 _aXiao S
245 0 _aEffect of gasoline contamination on the permeation of organic liquids through rubber membranes
260 _bRubber Chemistry and Technology
_c1999
300 _a758-768
650 _aGasoline contamination
650 _aRubber membranes
700 _aBovenkamp J
700 _aDe Kee D
942 _cJS
999 _c57873
_d57873